[Event "La Piazzetta op 1st"]
[Site "Casalpusterlengo"]
[Date "2014.10.04"]
[Round "3"]
[White "Giuria, Abramo"]
[Black "Guasconi, Lelio"]
[Result "1/2-1/2"]
[WhiteElo "1714"]
[BlackElo "1618"]
[PlyCount "40"]
[EventDate "2014.10.03"]
[EventType "swiss"]
[EventRounds "5"]
[EventCountry "ITA"]
[SourceTitle "EXT 2016"]
[Source "ChessBase"]
[SourceDate "2015.10.08"]
[SourceVersion "1"]
[SourceVersionDate "2015.10.08"]
[SourceQuality "1"]

1. e4 e5 2. Nf3 Nc6 3. Bc4 h6 4. a3 Bc5 5. d3 d6 6. h3 Qe7 7. Nc3 Nf6 8. Qe2 a6 9. Nd5 Nxd5 10. Bxd5 Nd4 11. Nxd4 Bxd4 12. c3 Ba7 13. Be3 c6 14. Ba2 Bxe3 15. Qxe3 Be6 16. Bxe6 Qxe6 17. 0-0 0-0 18. c4 c5 19. a4 a5 20. b3 b6 1/2-1/2

[Event "Crema op 15th"]
[Site "Crema"]
[Date "2013.08.30"]
[Round "1"]
[White "Gerundino, Nicola"]
[Black "Guasconi, Lelio"]
[Result "1-0"]
[WhiteElo "1965"]
[BlackElo "1595"]
[PlyCount "95"]
[EventDate "2013.08.30"]
[EventType "swiss"]
[EventRounds "6"]
[EventCountry "ITA"]
[SourceTitle "EXT 2015"]
[Source "ChessBase"]
[SourceDate "2014.11.20"]
[SourceVersion "1"]
[SourceVersionDate "2014.11.20"]
[SourceQuality "1"]

1. e4 d5 2. exd5 e6 3. dxe6 Bxe6 4. d4 Nf6 5. Nf3 Be7 6. Bd3 Bg4 7. 0-0 0-0 8. Re1 c5 9. dxc5 Bxc5 10. h3 Bh5 11. Nc3 Nc6 12. Bg5 h6 13. Bxf6 gxf6 14. Ne4 Bb6 15. Ng3 Bg6 16. Nf5 Bxf5 17. Bxf5 Nd4 18. Nxd4 Qxd4 19. Qxd4 Bxd4 20. c3 Be5 21. Rad1 Rad8 22. Bd7 Kg7 23. Re4 h5 24. Kf1 b6 25. Ke2 Kg6 26. f4 Bb8 27. Red4 Bc7 28. R1d3 Kh6 29. g3 Kg6 30. Rc4 Bb8 31. b4 Rg8 32. Rc6 Kg7 33. a4 Rh8 34. h4 Rh6 35. c4 Kf8 36. c5 bxc5 37. bxc5 Ke7 38. Bf5 Rxd3 39. Kxd3 Rh8 40. Ke4 Rg8 41. Rc8 Rxc8 42. Bxc8 a5 43. g4 hxg4 44. Bxg4 Ba7 45. Kd5 Bb8 46. Kc6 Kd8 47. Kb7 Bxf4 48. Bf5 1-0

[Event "Codogno op-B 4th"]
[Site "Codogno"]
[Date "2012.09.22"]
[Round "2"]
[White "Cautiero, Pietro"]
[Black "Guasconi, Lelio"]
[Result "1/2-1/2"]
[WhiteElo "1694"]
[BlackElo "1577"]
[PlyCount "57"]
[EventDate "2012.09.21"]
[EventType "swiss"]
[EventRounds "5"]
[EventCountry "ITA"]
[SourceTitle "EXT 2016"]
[Source "ChessBase"]
[SourceDate "2015.10.08"]
[SourceVersion "1"]
[SourceVersionDate "2015.10.08"]
[SourceQuality "1"]

1. d4 Nf6 2. Nc3 d5 3. Bg5 e6 4. e4 dxe4 5. Nxe4 Be7 6. Nxf6+ Bxf6 7. Bxf6 Qxf6 8. Nf3 0-0 9. Bd3 Nd7 10. Qd2 h6 11. 0-0 b6 12. Rfe1 Bb7 13. Ne5 Rad8 14. f4 c5 15. Be4 Bxe4 16. Rxe4 cxd4 17. Nc6 Nc5 18. Rxd4 Rxd4 19. Qxd4 Qxd4+ 20. Nxd4 Rd8 21. c3 Na4 22. Rb1 g5 23. g3 Kg7 24. Kf2 Rd6 25. Ke3 a6 26. Kd2 f6 27. Kc2 Kf7 28. Re1 b5 29. Re2 1/2-1/2

[Event "Crema op 13th"]
[Site "Crema"]
[Date "2011.09.02"]
[Round "2"]
[White "Cervini, Ernesto"]
[Black "Guasconi, Lelio"]
[Result "1-0"]
[WhiteElo "1776"]
[BlackElo "1614"]
[PlyCount "118"]
[EventDate "2011.09.02"]
[EventType "swiss"]
[EventRounds "6"]
[EventCountry "ITA"]
[SourceTitle "EXT 2022"]
[Source "ChessBase"]
[SourceDate "2021.10.06"]
[SourceVersion "1"]
[SourceVersionDate "2021.10.06"]
[SourceQuality "1"]

1. e4 c6 2. d4 d5 3. Nd2 dxe4 4. Nxe4 Bf5 5. Ng3 Bg6 6. Nf3 h6 7. c3 Nd7 8. Bd3 Bxd3 9. Qxd3 e6 10. Ne4 Ngf6 11. h3 Be7 12. Bf4 Nxe4 13. Qxe4 Nf6 14. Qc2 Nd5 15. Bg3 Nf6 16. a3 c5 17. dxc5 Bxc5 18. Rd1 Qb6 19. Qa4+ Qc6 20. Qc2 Qe4+ 21. Qxe4 Nxe4 22. Nd2 Nxg3 23. fxg3 0-0 24. Ne4 Bb6 25. Ke2 Rad8 26. c4 Rd4 27. Rxd4 Bxd4 28. b3 e5 29. g4 f6 30. a4 Rd8 31. Rd1 Kf7 32. Kf3 a5 33. Rd3 b6 34. c5 bxc5 35. Nxc5 Re8 36. Ne4 g6 37. Nd6+ Ke7 38. Nxe8 Kxe8 39. Ke4 h5 40. Rd2 Kd7 41. Rc2 hxg4 42. hxg4 Kd6 43. Rc4 Bc5 44. Rc1 Bd4 45. Rc8 Ke7 46. Kd5 f5 47. gxf5 gxf5 48. Rc4 Bb2 49. Rc7+ Kf6 50. Rc5 e4 51. Rxa5 e3 52. Ra6+ Kg5 53. Re6 Kf4 54. a5 Kg3 55. a6 Kf2 56. a7 e2 57. Rxe2+ Kxe2 58. a8Q Bc1 59. Qa2+ Bd2 1-0

[Event "Crema op 12th"]
[Site "Crema "]
[Date "2010.09.05"]
[Round "4"]
[White "Guidi, Giacomo G"]
[Black "Guasconi, Lelio"]
[Result "1-0"]
[WhiteElo "1942"]
[BlackElo "1482"]
[PlyCount "121"]
[EventDate "2010.09.05"]
[EventType "swiss"]
[EventRounds "6"]
[EventCountry "ITA"]
[SourceTitle "EXT 2012"]
[Source "ChessBase"]
[SourceDate "2011.11.24"]
[SourceVersion "1"]
[SourceVersionDate "2011.11.24"]
[SourceQuality "1"]

1. Nf3 Nf6 2. g3 b6 3. Bg2 Bb7 4. d3 d6 5. c4 e6 6. Nc3 Be7 7. 0-0 a6 8. d4 Qd7 9. Qc2 c5 10. e4 cxd4 11. Nxd4 Nc6 12. Be3 Ng4 13. Qe2 Nxe3 14. Qxe3 0-0 15. Nde2 Qc7 16. b3 Bf6 17. Rad1 Rad8 18. Rd2 Rd7 19. Rfd1 Rfd8 20. Kh1 Ne5 21. h3 h6 22. Ng1 Nc6 23. f4 Ne7 24. Na4 Nc8 25. Nf3 Bc6 26. Nc3 Qb7 27. Nd4 e5 28. Nxc6 Qxc6 29. Nd5 Be7 30. h4 Qc5 31. Qxc5 bxc5 32. fxe5 Kf8 33. Bh3 Rb7 34. Ne3 Rb6 35. Bxc8 Rxc8 36. exd6 Bf6 37. d7 Rd8 38. Nd5 Re6 39. Nxf6 gxf6 40. Rd5 Ke7 41. Rxc5 Rxd7 42. Rxd7+ Kxd7 43. Ra5 Kc7 44. Kg2 Kb6 45. Rd5 Kc6 46. Kf3 Re8 47. Rh5 Re6 48. Rxh6 Kc5 49. Rh8 Kd4 50. h5 Re5 51. g4 Rg5 52. h6 Kc3 53. c5 Rxc5 54. h7 Kb2 55. Rd8 Kxa2 56. h8Q Rc3+ 57. Ke2 Rxb3 58. Rd2+ Ka3 59. Qxf6 Rb4 60. Qxa6+ Ra4 61. Ra2+ 1-0